000 00780nam a2200253Ia 4500
005 20251020182543.0
008 200515s9999 xx 000 0 und d
020 _a978-84-252-2424-9
082 _a747:70/M41
100 _aMartens, Yuri
100 _aMeel, Juriaan van
100 _aRee, Hermen Jan van
245 0 _aCómo planificar los espacios de oficinas : Guía práctica para directivos y diseñadores
260 _aBarcelona
260 _bGustavo Gili, SL
260 _c2010
300 _a143 p.
300 _bil., graf., fot, col.
500 _a1 ejemplar
520 _aGuía práctica dirigida a aquellos directivos y diseñadores que quieran crear entornos laborales que funcionen eficazmente.
650 _aOFICINAS
942 _cLIB
999 _c2482
_d2482